[Event "ARM-ch (Women) 68th"]
[Site "Yerevan"]
[Date "2013.01.20"]
[Round "8"]
[White "Gasparian, Mariana"]
[Black "Movsisian, Naira"]
[Result "1-0"]
[WhiteElo "2082"]
[BlackElo "2040"]
[PlyCount "77"]
[EventDate "2013.01.12"]
[EventType "tourn"]
[EventRounds "9"]
[EventCountry "ARM"]
[SourceTitle "CBM 152 Extra"]
[Source "ChessBase"]
[SourceDate "2013.02.25"]
[SourceVersion "1"]
[SourceVersionDate "2013.02.25"]
[SourceQuality "1"]

1. d4 d5 2. e3 Bf5 3. c4 c6 4. Qb3 Qb6 5. Qxb6 axb6 6. cxd5 Bxb1 7. Rxb1 Rxa2 8. dxc6 bxc6 9. Nf3 e6 10. Bd2 Bd6 11. e4 Ra7 12. Be2 Ne7 13. 0-0 0-0 14. Ra1 Rb7 15. Rfc1 Nc8 16. Ne1 Rd8 17. Nd3 Be7 18. Be3 h6 19. Ne5 Na7 20. Rc4 Bf6 21. Nf3 Nb5 22. Rca4 Nc7 23. Ra7 Rxa7 24. Rxa7 Rc8 25. Bf4 Bd8 26. Ne5 g5 27. Be3 f6 28. Nc4 Nd7 29. Bg4 Nf8 30. Nxb6 Rb8 31. Nc4 Rb4 32. Be2 Rb8 33. g3 Kg7 34. Bd1 Rb4 35. Na5 Rxb2 36. Nxc6 Rb1 37. Nxd8 Rxd1+ 38. Kg2 Kg6 39. Rxc7 1-0

[Event "ARM-ch (Women) 62nd"]
[Site "Yerevan"]
[Date "2008.01.20"]
[Round "8"]
[White "Karapetyan, Lusine"]
[Black "Movsisian, Naira"]
[Result "0-1"]
[WhiteElo "1957"]
[BlackElo "2152"]
[PlyCount "92"]
[EventDate "2008.01.13"]
[EventType "tourn"]
[EventRounds "9"]
[EventCountry "ARM"]
[SourceTitle "CBM 122 Extra"]
[Source "ChessBase"]
[SourceDate "2008.03.04"]
[SourceVersion "1"]
[SourceVersionDate "2008.03.04"]
[SourceQuality "1"]

1. e4 e5 2. Nf3 Nf6 3. d4 Nxe4 4. Bd3 d5 5. Nxe5 Nd6 6. Qf3 Be6 7. 0-0 Nd7 8. Re1 Qf6 9. Qg3 Be7 10. Nf3 h6 11. Bf4 g5 12. Be5 Nxe5 13. dxe5 Qg7 14. exd6 Bxd6 15. Qg4 Qxb2 16. Qd4 Qxd4 17. Nxd4 Kd7 18. Nxe6 fxe6 19. Nd2 Bb4 20. Re2 e5 21. Rb1 c5 22. c4 Bxd2 23. Rxd2 b6 24. cxd5 Kd6 25. Bc4 Rhf8 26. Rb3 Rf4 27. Bb5 c4 28. Rc3 Kc5 29. Bc6 Rb8 30. g3 Rd4 31. Rxd4 exd4 32. Rc1 d3 33. Kf1 d2 34. Rb1 c3 35. Ba4 b5 36. Bb3 a5 37. Ke2 Re8+ 38. Kd3 a4 39. Bc2 Re1 40. Kxc3 Rxb1 41. Kxd2 Ra1 42. Be4 Rxa2+ 43. Ke3 Ra3+ 44. Ke2 Kd6 45. f4 gxf4 46. gxf4 Rh3 0-1

[Event "RUS-chT (Women) 7th"]
[Site "Sochi"]
[Date "2006.04.28"]
[Round "9"]
[White "Chistiakova, Tamara"]
[Black "Movsisian, Naira"]
[Result "1-0"]
[WhiteElo "2351"]
[BlackElo "2291"]
[PlyCount "45"]
[EventDate "2006.04.20"]
[EventType "team"]
[EventRounds "11"]
[EventCountry "RUS"]
[SourceTitle "EXT 2007"]
[Source "ChessBase"]
[SourceDate "2006.11.23"]
[SourceVersion "1"]
[SourceVersionDate "2006.11.23"]
[SourceQuality "1"]

1. d4 Nf6 2. c4 c5 3. Nf3 d6 4. g3 g6 5. Nc3 Na6 6. Bg2 Bg7 7. 0-0 0-0 8. d5 e5 9. e4 Ne8 10. a3 f5 11. Ng5 h6 12. Ne6 Bxe6 13. dxe6 f4 14. Nd5 Bf6 15. gxf4 Nac7 16. fxe5 dxe5 17. Bxh6 Ng7 18. Qg4 Ncxe6 19. Qxg6 Rf7 20. Rad1 Nd4 21. Rd3 Rc8 22. Rh3 Rc6 23. Bg5 1-0

[Event "RUS-chT (Women) 7th"]
[Site "Sochi"]
[Date "2006.04.25"]
[Round "6"]
[White "Movsisian, Naira"]
[Black "Demina, Julia"]
[Result "0-1"]
[WhiteElo "2291"]
[BlackElo "2302"]
[PlyCount "76"]
[EventDate "2006.04.20"]
[EventType "team"]
[EventRounds "11"]
[EventCountry "RUS"]
[SourceTitle "CBM 111 Extra"]
[Source "ChessBase"]
[SourceDate "2006.05.09"]
[SourceVersion "1"]
[SourceVersionDate "2006.05.09"]
[SourceQuality "1"]

1. d4 Nf6 2. Bg5 d5 3. Bxf6 exf6 4. e3 Be6 5. Nd2 c6 6. Ngf3 f5 7. c4 Nd7 8. Bd3 g6 9. Qb3 Qb6 10. c5 Qc7 11. g3 b6 12. Qc3 Bg7 13. b4 a5 14. cxb6 Qxb6 15. bxa5 Rxa5 16. Nb3 Ra3 17. Qc1 Qb4+ 18. Qd2 Qxb3 19. axb3 Rxa1+ 20. Ke2 Rxh1 21. Qc3 f4 22. Qxc6 0-0 23. b4 fxe3 24. fxe3 Bf6 25. b5 Bd8 26. Kf2 Ra1 27. h4 Ra2+ 28. Kg1 Ra3 29. Qc2 Bf6 30. Nd2 Rfa8 31. Nb1 Ra1 32. h5 Kg7 33. Qc6 R8a3 34. Qc2 Nb6 35. hxg6 hxg6 36. Kh1 Rxd3 37. Qxd3 Bf5 38. Qe2 Bxb1 0-1

[Event "RUS-chT (Women) 7th"]
[Site "Sochi"]
[Date "2006.04.22"]
[Round "3"]
[White "Zemlianukhina, Viktoria"]
[Black "Movsisian, Naira"]
[Result "0-1"]
[WhiteElo "2063"]
[BlackElo "2291"]
[PlyCount "102"]
[EventDate "2006.04.20"]
[EventType "team"]
[EventRounds "11"]
[EventCountry "RUS"]
[SourceTitle "CBM 111 Extra"]
[Source "ChessBase"]
[SourceDate "2006.05.09"]
[SourceVersion "1"]
[SourceVersionDate "2006.05.09"]
[SourceQuality "1"]

1. e4 e6 2. d4 d5 3. Nc3 Nf6 4. Bg5 dxe4 5. Nxe4 Nbd7 6. Nf3 Be7 7. Nxf6+ Bxf6 8. Bxf6 Qxf6 9. Bd3 0-0 10. 0-0 e5 11. dxe5 Nxe5 12. Nxe5 Qxe5 13. c3 Be6 14. Re1 Qg5 15. Re3 Rfd8 16. Qc2 h6 17. Rae1 Rd6 18. Rg3 Qf6 19. Qe2 Bf5 20. Bxf5 Qxf5 21. Rf3 Qd5 22. h3 Re6 23. Qf1 Qxa2 24. Rxe6 Qxe6 25. Qb5 b6 26. Re3 c6 27. Qe2 Qf6 28. Rf3 Qd6 29. Rd3 Qc7 30. Rg3 Rd8 31. Qg4 g6 32. Re3 a5 33. g3 Kg7 34. Kg2 b5 35. Qh4 c5 36. Kh2 Rd2 37. Rf3 Qd6 38. b3 Rb2 39. c4 b4 40. Kg2 Ra2 41. Qe4 a4 42. Qb7 Qf8 43. bxa4 Rxa4 44. Qc6 Ra8 45. Qf6+ Kg8 46. h4 h5 47. Qc6 Rc8 48. Qb7 Rb8 49. Qc7 Re8 50. Qc6 Re6 51. Qb5 Qa8 0-1

[Event "RUS-chT (Women) 7th"]
[Site "Sochi"]
[Date "2006.04.20"]
[Round "1"]
[White "Movsisian, Naira"]
[Black "Movsesian, Julia"]
[Result "0-1"]
[WhiteElo "2291"]
[BlackElo "2366"]
[PlyCount "124"]
[EventDate "2006.04.20"]
[EventType "team"]
[EventRounds "11"]
[EventCountry "RUS"]
[SourceTitle "CBM 111 Extra"]
[Source "ChessBase"]
[SourceDate "2006.05.09"]
[SourceVersion "1"]
[SourceVersionDate "2006.05.09"]
[SourceQuality "1"]

1. e4 c5 2. Nc3 Nc6 3. g3 g6 4. Bg2 Bg7 5. d3 d6 6. f4 Nf6 7. Nf3 e5 8. 0-0 0-0 9. Kh1 Be6 10. Be3 Qd7 11. Ng5 Bg4 12. Qd2 Nh5 13. Rae1 Rae8 14. Nd5 f5 15. exf5 Bxf5 16. c3 exf4 17. Nxf4 Nf6 18. Nf3 Ne5 19. Nh4 Bg4 20. Nd5 Nxd5 21. Bxd5+ Be6 22. Bg2 Bh3 23. Bd5+ Be6 24. Bg2 Qb5 25. Rxf8+ Rxf8 26. Bf4 Bf7 27. Rd1 Re8 28. Nf3 Nxf3 29. Bxf3 d5 30. Qg2 Qd7 31. Rf1 Qf5 32. Bd6 b6 33. c4 dxc4 34. Bc6 Qxd3 35. Bxe8 Bxe8 36. Re1 Qxd6 37. Rxe8+ Kf7 38. Re1 h6 39. Qa8 Qd7 40. Rf1+ Bf6 41. Qf3 Qe7 42. h3 Kg7 43. Rf2 b5 44. Kh2 b4 45. Re2 Qd7 46. Rf2 Qf7 47. Qc6 Qe7 48. Rd2 Bd4 49. Qf3 a5 50. Re2 Qd7 51. Qa8 a4 52. Re8 c3 53. bxc3 Bxc3 54. Rb8 Qd2+ 55. Kh1 Qc1+ 56. Kh2 Qb2+ 57. Kh1 Qb1+ 58. Kh2 Qxa2+ 59. Kh1 Kh7 60. Qa7+ Bg7 61. Qxc5 a3 62. Qxb4 Qd5+ 0-1

[Event "RUS-chT1 (Women)"]
[Site "Sochi"]
[Date "2004.04.27"]
[Round "8.3"]
[White "Movsisian, Naira"]
[Black "Shumiakina, Tatiana"]
[Result "1-0"]
[WhiteElo "2211"]
[BlackElo "2337"]
[PlyCount "85"]
[EventDate "2004.04.20"]
[EventType "team-tourn"]
[EventRounds "9"]
[EventCountry "RUS"]
[SourceTitle "CBM 100 Extra"]
[Source "ChessBase"]
[SourceDate "2004.07.06"]
[SourceVersion "2"]
[SourceVersionDate "2004.07.06"]
[SourceQuality "1"]
[WhiteTeam "07"]
[BlackTeam "04"]
[WhiteTeamCountry "RUS"]
[BlackTeamCountry "RUS"]

1. e4 c5 2. Nc3 Nc6 3. g3 g6 4. Bg2 Bg7 5. d3 d6 6. Be3 Rb8 7. Rb1 b5 8. a3 a5 9. Qd2 b4 10. axb4 axb4 11. Nd1 e5 12. Ne2 Nd4 13. 0-0 Nxe2+ 14. Qxe2 Ne7 15. Qd2 0-0 16. Bh6 d5 17. Bxg7 Kxg7 18. exd5 Nxd5 19. Ne3 Bb7 20. Ng4 f6 21. Ra1 Ne7 22. Bxb7 Rxb7 23. Ra6 Nf5 24. Rfa1 h5 25. Ne3 Nd4 26. Qd1 Qd7 27. b3 Rc7 28. Qf1 h4 29. Qg2 h3 30. Qe4 Ne2+ 31. Kf1 Nc3 32. Qh4 g5 33. Qc4 Kg6 34. R1a5 Rfc8 35. Ng4 Rc6 36. Rxc6 Rxc6 37. Qg8+ Kh5 38. f3 Nd5 39. Ra8 Rd6 40. Qh8+ Kg6 41. Rg8+ Kf7 42. Rg7+ Ke6 43. Qg8+ 1-0

[Event "RUS-chT1 (Women)"]
[Site "Sochi"]
[Date "2004.04.22"]
[Round "3.3"]
[White "Frolova, Tatiana"]
[Black "Movsisian, Naira"]
[Result "0-1"]
[WhiteElo "2112"]
[BlackElo "2211"]
[PlyCount "72"]
[EventDate "2004.04.20"]
[EventType "team-tourn"]
[EventRounds "9"]
[EventCountry "RUS"]
[SourceTitle "CBM 100 Extra"]
[Source "ChessBase"]
[SourceDate "2004.07.06"]
[SourceVersion "2"]
[SourceVersionDate "2004.07.06"]
[SourceQuality "1"]
[WhiteTeam "09"]
[BlackTeam "07"]
[WhiteTeamCountry "RUS"]
[BlackTeamCountry "RUS"]

1. e4 e6 2. d4 d5 3. Nc3 Nf6 4. Bg5 Be7 5. e5 Nfd7 6. h4 a6 7. Qg4 f5 8. Qf4 c5 9. Nf3 Nc6 10. dxc5 Nxc5 11. Bxe7 Qxe7 12. 0-0-0 b5 13. Nd4 Nxd4 14. Qxd4 b4 15. Nb1 Bd7 16. Nd2 a5 17. Kb1 0-0 18. h5 Rab8 19. Rg1 a4 20. b3 Rb7 21. g4 f4 22. Be2 Ra8 23. Qxf4 axb3 24. Nxb3 Ne4 25. Bd3 Nc3+ 26. Kc1 Rxa2 27. Rde1 Bb5 28. Bxb5 Rxb5 29. Kd2 Ne4+ 30. Rxe4 dxe4 31. Qxe4 Rd5+ 32. Ke3 Qc7 33. Qxb4 Rxe5+ 34. Kf3 Rxc2 35. Qa4 Qf7+ 36. Qf4 Rxf2+ 0-1

[Event "RUS-chT1 (Women)"]
[Site "Sochi"]
[Date "2004.04.21"]
[Round "2.3"]
[White "Movsisian, Naira"]
[Black "Ambartsumova, Karina"]
[Result "1-0"]
[WhiteElo "2211"]
[BlackElo "2147"]
[PlyCount "111"]
[EventDate "2004.04.20"]
[EventType "team-tourn"]
[EventRounds "9"]
[EventCountry "RUS"]
[SourceTitle "EXT 2020"]
[Source "ChessBase"]
[SourceDate "2019.10.17"]
[SourceVersion "1"]
[SourceVersionDate "2019.10.17"]
[SourceQuality "1"]
[WhiteTeam "07"]
[BlackTeam "08"]
[WhiteTeamCountry "RUS"]
[BlackTeamCountry "RUS"]

1. f4 g6 2. Nf3 Bg7 3. g3 d5 4. Bg2 Nf6 5. d3 0-0 6. 0-0 c6 7. e3 Bg4 8. Qe1 Bxf3 9. Rxf3 Nbd7 10. f5 e6 11. fxe6 fxe6 12. Bh3 Qe7 13. Nd2 Ne5 14. Rf1 Bh6 15. Qe2 Nfd7 16. d4 Rxf1+ 17. Nxf1 Nf7 18. e4 Bxc1 19. Rxc1 dxe4 20. Qxe4 Ng5 21. Qg2 Rf8 22. c3 Nf6 23. Re1 Nd5 24. Bg4 h5 25. Bd1 Qf6 26. h4 Nh3+ 27. Kh2 Nf2 28. Bc2 Kg7 29. Bb3 Qd8 30. Re2 Qf6 31. Kg1 Ng4 32. a3 e5 33. Bxd5 cxd5 34. dxe5 Nxe5 35. Nd2 Qd6 36. Kh1 b6 37. Qg1 Rf5 38. Qe3 Qf8 39. Qd4 Qf6 40. Qxd5 Ng4 41. Qd4 Re5 42. Rxe5 Nxe5 43. Kg2 g5 44. hxg5 Qf5 45. b3 Kg6 46. Qd6+ Kf7 47. Qd5+ Ke7 48. g6 Kf6 49. Qd6+ Kg7 50. Qe7+ Kxg6 51. Qxa7 Qe6 52. Qb7 Qd6 53. Qe4+ Kf6 54. Qf4+ Kg6 55. Nf3 Nf7 56. Nh4+ 1-0

[Event "EU-ch (Women) 3rd"]
[Site "Varna"]
[Date "2002.06.03"]
[Round "7"]
[White "Repkova, Eva"]
[Black "Movsisian, Naira"]
[Result "1-0"]
[WhiteElo "2345"]
[BlackElo "2078"]
[PlyCount "109"]
[EventDate "2002.05.27"]
[EventType "swiss"]
[EventRounds "11"]
[EventCountry "BUL"]
[SourceTitle "CBM 088 Extra"]
[Source "ChessBase"]
[SourceDate "2002.07.01"]
[SourceVersion "2"]
[SourceVersionDate "2002.07.01"]
[SourceQuality "1"]

1. e4 d6 2. f4 c6 3. Nf3 Bg4 4. h3 Bxf3 5. Qxf3 e5 6. Bc4 Nf6 7. d3 Nbd7 8. 0-0 exf4 9. Qxf4 Ne5 10. Bb3 Be7 11. d4 Ng6 12. Qf5 Qc8 13. Nc3 Qxf5 14. Rxf5 0-0 15. Be3 Nh4 16. Rf2 Ng6 17. Re1 b5 18. a3 a6 19. Bg5 Rae8 20. Rfe2 h6 21. Bd2 Nd7 22. Nd1 Bh4 23. Rf1 c5 24. dxc5 dxc5 25. Bd5 Nde5 26. Ne3 Bg5 27. g3 Bd8 28. Nf5 Bc7 29. Kg2 Kh7 30. Be3 Nd7 31. Bb7 a5 32. Bc6 Rd8 33. Bxb5 Be5 34. c3 f6 35. Rd1 Nb6 36. Rxd8 Rxd8 37. Bxc5 Nc8 38. a4 h5 39. h4 Bc7 40. Ne3 Nd6 41. Nd5 Nxe4 42. Nxc7 Nxc5 43. b4 axb4 44. cxb4 Nd3 45. Bxd3 Rxd3 46. a5 f5 47. a6 f4 48. gxf4 Nxf4+ 49. Kf2 Nxe2 50. Kxe2 Ra3 51. b5 g5 52. b6 Ra2+ 53. Kd3 gxh4 54. b7 Rb2 55. Ne6 1-0

[Event "EU-ch (Women) 3rd"]
[Site "Varna"]
[Date "2002.05.27"]
[Round "1"]
[White "Velikhanli, Firuza"]
[Black "Movsisian, Naira"]
[Result "1/2-1/2"]
[WhiteElo "2320"]
[BlackElo "2078"]
[PlyCount "150"]
[EventDate "2002.05.27"]
[EventType "swiss"]
[EventRounds "11"]
[EventCountry "BUL"]
[SourceTitle "CBM 088 Extra"]
[Source "ChessBase"]
[SourceDate "2002.07.01"]
[SourceVersion "2"]
[SourceVersionDate "2002.07.01"]
[SourceQuality "1"]

1. e4 d6 2. d4 Nf6 3. Bd3 c6 4. f4 e5 5. c3 Qc7 6. Nf3 Nbd7 7. 0-0 Be7 8. h3 0-0 9. Be3 b6 10. Nbd2 a5 11. fxe5 dxe5 12. dxe5 Nxe5 13. Nxe5 Qxe5 14. Nc4 Qb8 15. Qf3 c5 16. Bf4 Qb7 17. a4 Rd8 18. Qe2 Be6 19. Bg5 Rac8 20. e5 Nd5 21. Bxe7 Qxe7 22. Nd6 Rc7 23. Qe4 g6 24. Bc4 Rxd6 25. exd6 Qxd6 26. Rad1 Rd7 27. Bxd5 Bxd5 28. Qe8+ Kg7 29. c4 Qe6 30. Qxe6 Bxe6 31. Rxd7 Bxd7 32. b3 Kf8 33. Rd1 Ke7 34. Kf2 h5 35. Ke3 f6 36. Kf4 g5+ 37. Kg3 h4+ 38. Kf2 Bc6 39. g3 hxg3+ 40. Kxg3 Bd7 41. h4 gxh4+ 42. Kxh4 Bf5 43. Re1+ Kd7 44. Kg3 Bc2 45. Re3 f5 46. Kf4 Kd6 47. Rc3 Be4 48. Rh3 Bc2 49. Rg3 Kc7 50. Ke5 Be4 51. Rg7+ Kc6 52. Rg6+ Kc7 53. Rh6 Bc2 54. Rh3 Be4 55. Re3 Bc2 56. Kd5 Be4+ 57. Ke6 Kc8 58. Ke7 Kc7 59. Re2 Bd3 60. Rd2 Be4 61. Ke6 Kc6 62. Ke5 Kc7 63. Rh2 Kc6 64. Kf4 Kc7 65. Ke3 Kc6 66. Kd2 Kc7 67. Rh6 Bb1 68. Rh3 Kc6 69. Ke3 Be4 70. Kf4 Bc2 71. Ke5 Be4 72. Ke6 Bc2 73. Rc3 Be4 74. Ke5 Kc7 75. Re3 Kc6 1/2-1/2

[Event "Wch U20 Girls"]
[Site "Zagan"]
[Date "1997.07.27"]
[Round "13"]
[White "Movsisian, Naira"]
[Black "Delemarre, Isabel"]
[Result "0-1"]
[WhiteElo "2145"]
[BlackElo "2220"]
[PlyCount "82"]
[EventDate "1997.07.14"]
[EventType "swiss"]
[EventRounds "13"]
[EventCountry "POL"]
[SourceTitle "CBM 059 Extra"]
[Source "ChessBase"]
[SourceDate "1997.09.26"]
[SourceVersion "1"]
[SourceVersionDate "1997.09.26"]
[SourceQuality "1"]

1. d4 d6 2. Nf3 Bg4 3. e4 Nf6 4. Bd3 e5 5. dxe5 dxe5 6. 0-0 Nbd7 7. Qe2 Bc5 8. Bg5 h6 9. Bh4 g5 10. Bg3 Nh5 11. Nc3 c6 12. Nd1 Qf6 13. Ne3 Bxe3 14. fxe3 Nxg3 15. hxg3 Qe7 16. Qf2 0-0 17. Nh2 Bh5 18. g4 Bg6 19. Qe2 Nc5 20. Qf3 Rad8 21. Rfd1 Rd6 22. b4 Na4 23. Rf1 Nc3 24. Rf2 a5 25. bxa5 Ra8 26. a6 b5 27. Nf1 Rxa6 28. Ng3 Rxa2 29. Raf1 Ra4 30. Nf5 Bxf5 31. Qxf5 Ra7 32. Qc8+ Qf8 33. Qf5 Qa8 34. g3 Kg7 35. Kg2 c5 36. Rh1 c4 37. Bf1 Raa6 38. Rxh6 Rxh6 39. Qxg5+ Rhg6 40. Qh5 Nxe4 41. Rf5 Nf6+ 0-1

[Event "Wch U20 Girls"]
[Site "Zagan"]
[Date "1997.07.26"]
[Round "12"]
[White "Chu, Stefanie"]
[Black "Movsisian, Naira"]
[Result "0-1"]
[WhiteElo "2095"]
[BlackElo "2145"]
[PlyCount "104"]
[EventDate "1997.07.14"]
[EventType "swiss"]
[EventRounds "13"]
[EventCountry "POL"]
[SourceTitle "CBM 059 Extra"]
[Source "ChessBase"]
[SourceDate "1997.09.26"]
[SourceVersion "1"]
[SourceVersionDate "1997.09.26"]
[SourceQuality "1"]

1. Nf3 d5 2. d3 c5 3. e4 d4 4. Be2 Nc6 5. 0-0 e5 6. Nbd2 Bd6 7. a4 Nge7 8. Nc4 0-0 9. Ne1 Bc7 10. Bg4 a6 11. Bxc8 Rxc8 12. g3 Ng6 13. Ng2 Rb8 14. Qh5 b5 15. axb5 axb5 16. Na3 Na5 17. f4 exf4 18. gxf4 b4 19. Nc4 Nxc4 20. dxc4 d3 21. Be3 f6 22. Rf3 Rf7 23. Rh3 Nf8 24. Bxc5 dxc2 25. Qd5 Qxd5 26. exd5 Nd7 27. Bd4 Bb6 28. Bxb6 Nxb6 29. b3 Nxc4 30. Rc1 Na3 31. Rd3 Rd7 32. Ne3 Kf7 33. Kf2 g6 34. Ke2 h6 35. Kd2 Rb5 36. Rd4 f5 37. Kd3 Kg7 38. Kd2 Kf6 39. Kd3 g5 40. fxg5+ hxg5 41. d6 Ke6 42. Nc4 f4 43. Nxa3 bxa3 44. Kc4 Ra5 45. Kb4 Ra8 46. Re1+ Kf6 47. Rc4 a2 48. Ra1 Rb7+ 49. Kc5 Rxb3 50. d7 Rb1 51. Rxa2 c1Q 52. Rxa8 Qe3+ 0-1

[Event "Wch U20 Girls"]
[Site "Zagan"]
[Date "1997.07.19"]
[Round "6"]
[White "Peptan, Corina Isabela"]
[Black "Movsisian, Naira"]
[Result "1-0"]
[WhiteElo "2425"]
[BlackElo "2145"]
[PlyCount "145"]
[EventDate "1997.07.14"]
[EventType "swiss"]
[EventRounds "13"]
[EventCountry "POL"]
[SourceTitle "CBM 059 Extra"]
[Source "ChessBase"]
[SourceDate "1997.09.26"]
[SourceVersion "1"]
[SourceVersionDate "1997.09.26"]
[SourceQuality "1"]

1. e4 e6 2. d4 d5 3. Nd2 Nf6 4. e5 Nfd7 5. Bd3 c5 6. c3 Nc6 7. Ne2 cxd4 8. cxd4 f6 9. exf6 Nxf6 10. Nf3 Bd6 11. 0-0 Qc7 12. Bg5 0-0 13. Bh4 Nh5 14. Rc1 a6 15. Bb1 g6 16. Bg3 Nxg3 17. hxg3 Qg7 18. Qd2 Bd7 19. Rcd1 Kh8 20. Ne1 e5 21. dxe5 Bxe5 22. Nd3 Bc7 23. Ndf4 Bg4 24. Rc1 Rae8 25. Nc3 d4 26. Ncd5 Bd6 27. Rfe1 Qf7 28. Rxe8 Rxe8 29. Nxg6+ Kg7 30. Ngf4 Re5 31. Qd3 Kh8 32. a3 Bf5 33. Qf3 Bxb1 34. Rxb1 Qf5 35. Rc1 d3 36. g4 d2 37. Rf1 Qc2 38. Nh5 Qg6 39. Ng3 Nd4 40. Qc3 d1Q 41. Rxd1 Rxd5 42. Rxd4 Rc5 43. Qf3 Rc1+ 44. Nf1 Qh6 45. Rd1 Rxd1 46. Qxd1 Qf6 47. Qc2 b6 48. Qc8+ Kg7 49. Ne3 Bc5 50. Nf5+ Kf7 51. Qd7+ Kf8 52. Qc8+ Kf7 53. Qc7+ Kf8 54. b4 Bxb4 55. axb4 b5 56. g3 Ke8 57. Qxh7 Qe5 58. Qg8+ Kd7 59. Qf7+ Kc6 60. Ne3 Qa1+ 61. Kg2 Qe5 62. Qf3+ Kb6 63. Qf4 Qe8 64. Nd5+ Kc6 65. Qd4 Qe6 66. g5 Qxd5+ 67. Qxd5+ Kxd5 68. g6 Kc4 69. g7 Kxb4 70. g8Q a5 71. Qa2 a4 72. g4 a3 73. Qc2 1-0

[Event "St Petersburg Rudenko Memorial (Women)"]
[Site "St Petersburg"]
[Date "1996.??.??"]
[Round "6"]
[White "Chernova, Natalja"]
[Black "Movsisian, Naira"]
[Result "1-0"]
[WhiteElo "2250"]
[BlackElo "2120"]
[PlyCount "93"]
[EventDate "1996.??.??"]
[EventType "swiss"]
[EventRounds "9"]
[EventCountry "RUS"]
[SourceTitle "EXT 2000"]
[Source "ChessBase"]
[SourceDate "1999.11.16"]
[SourceVersion "1"]
[SourceVersionDate "1999.11.16"]
[SourceQuality "1"]

1. d4 e6 2. e4 d5 3. e5 b6 4. Bd3 Qd7 5. Nf3 Ba6 6. 0-0 Ne7 7. Qe2 Bxd3 8. Qxd3 Nf5 9. Rd1 Be7 10. c4 c6 11. Nc3 0-0 12. Bf4 Qb7 13. Ne2 Na6 14. b3 Rfd8 15. Qc3 dxc4 16. bxc4 c5 17. Bg5 cxd4 18. Nexd4 Nxd4 19. Rxd4 Nc5 20. Bxe7 Qxe7 21. Rad1 Kf8 22. Qc2 Kg8 23. Qd2 Rxd4 24. Qxd4 Rc8 25. h3 h6 26. Kf1 Qc7 27. Qf4 Nb7 28. Rd4 Na5 29. Nd2 Qc6 30. Qh4 Nb7 31. Ne4 Nc5 32. Nd6 Rf8 33. Rg4 Qa4 34. Kg1 Qxa2 35. Qf6 Qb1+ 36. Kh2 Qh7 37. Qe7 h5 38. Rg3 g6 39. Ne8 Qh6 40. Rf3 Qg5 41. Qxg5 Rxe8 42. Qf4 Rf8 43. h4 a5 44. g4 hxg4 45. Qxg4 a4 46. h5 Kg7 47. Qf4 1-0

[Event "Olympiad Women-32"]
[Site "Yerevan"]
[Date "1996.??.??"]
[Round "10"]
[White "Epstein, Esther"]
[Black "Movsisian, Naira"]
[Result "1-0"]
[WhiteElo "2245"]
[BlackElo "2100"]
[PlyCount "70"]
[EventDate "1996.09.15"]
[EventType "team-swiss"]
[EventRounds "14"]
[EventCountry "ARM"]
[SourceTitle "EXT 1997"]
[Source "ChessBase"]
[SourceDate "1996.11.15"]
[SourceVersion "1"]
[SourceVersionDate "1996.11.15"]
[SourceQuality "1"]

1. e4 e6 2. d4 d5 3. Nd2 c5 4. exd5 exd5 5. Bb5+ Nc6 6. Qe2+ Be7 7. dxc5 Nf6 8. Ngf3 0-0 9. Nb3 Re8 10. Be3 Ne4 11. 0-0 Nxc5 12. Rfe1 Ne4 13. c4 Bg4 14. Rad1 Bh4 15. cxd5 Nxf2 16. dxc6 Nxd1 17. Rxd1 Qe7 18. cxb7 Qxb7 19. Bxe8 Rxe8 20. Nbd4 Bg5 21. Rd3 f5 22. Qd2 f4 23. Bxf4 Bd8 24. h3 Bh5 25. Kh2 Bf7 26. Re3 Rf8 27. Ne6 Bxe6 28. Rxe6 Qf7 29. Re4 Qb7 30. Bd6 Bc7 31. Bxc7 Qxe4 32. Bg3 h6 33. Qd4 Qe7 34. Qd5+ Kh8 35. Ne5 Qe8 1-0